00823nam a2200229 i 4500003000900000005001700009008004100026040004300067082002300110100003700133245007900170264005800249300004000307336002400347337002800371338004300399546002000442650003200462651000600494700003600500856005700536EG-GICUC20260307112212.0260307s1921 uk ||||fr|||| 000 0 eng d aEG-GiCUCbengcEG-GiCUCdEG-GiCUCeRda04221a341.33bAN . D1 aAndrassy, Count Julius eAuthor.10aDiplomacy and the War / b cCount Julius Andrassy ; J. Holroyd Reece. n  1aLondon : bJohn Bale, Sons & Danielsson, Ltd, c1921. a323page : billustration ;c 24 cm. 2rda contenua texte 2rda mediasaOrdinateur 2 transporteur rdaa Ressource en ligne aText in English14aPublic international law2 1 2 1 aReece, J. Holroyd eTranslator.40uhttps://fll.law.cu.edu.eg/fulltext/bks/B11-08607.pdf